Cesty ke stabilizaci pracovních sil : [studijní a racionalizační pomůcka pro posluchače kursů a seminářů Institutu poradenství] /

Hlavní autor: Kupka, Jaroslav
Jazyk: Čeština
Vydáno: Praha : Institut poradenství při Čs. komitétu pro vědecké řízení, 1972
Vydání: 1. vyd.
Fyzický popis: 204 s. ; 8°
Knihy
Uloženo v:
LEADER 00900nam a22002412a 4500
001 001292597
003 CZ BrMZK
005 20130521095603.0
007 ta
008 130512s1972 xr er|||||||||||cze d
015 |a cnb000436810 
035 |a (OCoLC)42148355 
040 |a ABA001  |b cze  |c PNA001  |d ABA001  |d BOA001 
080 9 |a 658.311.5+338.96(024) 
100 1 |a Kupka, Jaroslav  |7 jk01070957  |4 aut 
245 1 0 |a Cesty ke stabilizaci pracovních sil :  |b [studijní a racionalizační pomůcka pro posluchače kursů a seminářů Institutu poradenství] /  |c Jaroslav Kupka a kolektiv 
250 |a 1. vyd. 
260 |a Praha :  |b Institut poradenství při Čs. komitétu pro vědecké řízení,  |c 1972 
300 |a 204 s. ;  |c 8° 
910 |a BOA001  |b 2-0683.165 
990 |a BK 
991 |b 201305 
996 7 |b 2619683001  |c 2-0683.165  |l Sklad H1  |r Sklad / do 24 hodin  |n 0  |h HS212  |w 001327074  |u 000010  |a 1  |e BOA001  |j MZK50  |s A